Responses for Show #2168 - Wednesday, January 26, 1994

Contestants

[<< previous game]

Ron Jenkins, an editorial proofreader from Hanover Park, Illinois

Diana Cobos, a high school Spanish teacher from St. Louis, Missouri

Andrew Zarutskie, a press secretary originally from Newburgh, New York (whose 1-day cash winnings total $10,400)

[next game >>]

Jeopardy! Round responses

FEATHERED FRIENDS
BYE BYE BIRDIE
LEGAL EAGLES
TURKEY
MARTINs
BULFINCH'S MYTHOLOGY
(Alex: Boy, are we trying hard on this one.)
    $100 24
penguins

Andrew
    $100 7
Ann-Margret

Andrew
    $100 26
Castro

Ron
    $100 12
Ankara

Ron
    $100 1
Martin Luther

Andrew
    $100 11
griffins

Ron
    $200 16
(Diana: What's the robin?)

the raven

DianaRon
    $200 3
The Ed Sullivan Show

Ron
    $200 27
Gilbert

Ron
    $200 14
shish kebab

Diana
    $200 2
Martin Short

Ron
    $200 13
a unicorn

Ron
    $1,000 17
the kiwi

Ron
    $300 4
"Put On A Happy Face"

Ron
    $300 28
Ferdinand Marcos

Andrew
    $300 15
Mount Ararat

Ron
    $300 8
Uranium

Ron
    $300 19
Janus

Andrew
    $400 18
(Ron: What are storks?)

herons

DianaRon
    $400 5
Gene Rayburn

Andrew
    $400 30
Huey Long

Andrew
    $400 20
(Ron: Who is Paul?)

(St.) John

DianaRon
    $400 9
Martin Van Buren

Andrew
    $400 21
Helen (of Troy)

Diana
    $500 23
a trumpeter

Ron
    $500 6
Conrad

Diana
    $500 29
Gandhi

Andrew
    $500 25
the Ottoman Empire

Andrew
    $500 10
The House Committee on Un-American Activities

Andrew
    $500 22
Diana

Ron

Scores at the first commercial break (after clue 15):

Andrew Diana Ron
$1,500 $700 $1,700

Scores at the end of the Jeopardy! Round:

Andrew Diana Ron
$3,600 $1,700 $3,400

Double Jeopardy! Round responses

MEXICAN HISTORY
"Mc"PEOPLE
BUSINESS & INDUSTRY
U.S. CITIES
SPY FICTION
SECRETS
    $200 17
(Diana: What is Cuba?)

the Vatican

AndrewDiana
    $200 1
Paul McCartney

Diana
    $200 6
(Ron: What is Los Angeles?)

Beverly Hills

AndrewRon
    $200 11
Sanction

Diana
    $200 21
the Masons

Diana
    $400 18
Montezuma

Andrew
    $400 2
Aimee Semple McPherson

Ron
    $400 28
[The end-of-round signal sounds.]

GM (General Motors)

Triple Stumper
    $1,500 7
Springfield

Andrew
    $400 12
(John) le Carré

Ron
    $400 16
(Andrew: Who were the samurai?)

ninjas

AndrewDiana
    $600 19
(Ron: Who is Archduke Ferdinand?)

Maximilian

DianaRon
    $600 3
Spanky McFarland

Ron
    $600 27
(Diana: Who is Sears?)

Montgomery Ward

AndrewDiana
    $600 8
Concord

Ron
    $3,000 13
(Ron: What is To Russia With Love?)
(Alex: Oooh, gosh, that's going to hurt. Correct title of the book--the title of the book is [*], although that's a good thought, To Russia With Love.)

From Russia With Love

Ron
    $600 22
Abelard

Diana
    $800 4
(Jim) McMahon

Andrew
    $800 26
Whirlpool

Triple Stumper
    $800 9
Texarkana

Ron
    $800 14
Little Spy

Ron
    $800 23
(Ron: What is 7-Up?)
...
(Alex: Less than a minute to go in the round.)

Coca-Cola

AndrewRon
    $1000 20
(Benito) Juarez

Diana
    $1000 5
(Diana: Who is George McNamara?)
(Alex: Judge McNamara?)
(Diana: No.)
(Alex: No.)
...
(Alex: I'm not aware of the fact that he is a judge.)
(Diana: George.)
(Alex: Oh, George is? All right.)

Robert McNamara

AndrewDiana
    $1000 25
Kimberly-Clark

Ron
    $1000 10
Revere

Andrew
    $1000 15
The Eagle Has Landed

Triple Stumper
    $1000 24
crossword puzzles

Triple Stumper

Scores at the end of the Double Jeopardy! Round:

Andrew Diana Ron
$9,700 $3,100 $3,400
(lock game)

[wagering suggestions for these scores]

Final Jeopardy! Round responses

FAMOUS NAMES
DianaWho is Einstein
$3,099
RonWho is Benjamin
$2,801
AndrewWho is Eienstein?
$2,500
Albert Einstein

Final scores:

Andrew Diana Ron
$12,200 $6,199 $599
2-day champion: $22,600 2nd place: Twinhead notebook computer + Ricardo Beverly Hills luggage 3rd place: MCE stereo system + Wheel of Fortune & Jeopardy! games for the Super Nintendo & Sega Genesis

Game dynamics:

Coryat scores:

Andrew Diana Ron
$8,600 $3,100 $5,700
20 R
(including 1 DD),
1 W
12 R,
4 W
21 R
(including 1 DD),
6 W
(including 1 DD)

Combined Coryat: $17,400

[game clues] [game scores] [suggest correction]

Game tape date: 1993-11-01
The J! Archive is created by fans, for fans. Scraping, republication, monetization, and malicious use prohibited; this site may use cookies and collect identifying information. See terms. The Jeopardy! game show and all elements thereof, including but not limited to copyright and trademark thereto, are the property of Jeopardy Productions, Inc. and are protected under law. This website is not affiliated with, sponsored by, or operated by Jeopardy Productions, Inc. Join the discussion at JBoard.tv.